Szczegóły MARC21

Entzifferte Geheimnisse : Methoden und Maximen der Kryptologie /

005 -DATA I CZAS OSTATNIEJ MODYFIKACJI [,]
    • @
    • pole kontrolne
    • 20070315155141.9
020 -Międzynarod. znormalizowany nr książki - ISBN [ , ]
    • a
    • Numer ISBN
    • 3540679316 Find
040 -Instytucja sporządzająca opis [ , ]
    • a
    • Instytucja, która sporządziła opis (NP)
    • SZCZ U
    • c
    • Instytucja, która sporządziła rekord (NP)
    • SZCZ U
041 -Język dokumentu [0, ]
    • a
    • Język tekstu (P)
    • niemiecki
    • h
    • Język tekstu oryginalnego i/lub pośredniego (P)
    • niemiecki
942 -Rodzaj dokumentu [ , ]
    • c
    • Rodzaj dokumentu
    • Książka
100 -Hasło główne - nazwa osobowa [ , ]
    • a
    • Nazwa osobowa (NP)
    • BAUER, FRIEDRICH L.
245 -Strefa tytułu i oznaczenia odpowiedzialności [1, ]
    • a
    • Tytuł
    • Entzifferte Geheimnisse : Find
    • b
    • Ciąg dalszy tytułu (NP)
    • Methoden und Maximen der Kryptologie / Find
    • c
    • Pozostałe elementy strefy tytułu i oznaczenia odpowiedzialności (NP)
    • Friedrich L. Bauer.
250 -Strefa wydania [ , ]
    • a
    • Oznaczenie wydania (NP)
    • 3., überarb. u. erw.Aufl.
260 -Strefa adresu wydawniczego [ , ]
    • a
    • Miejsce wydania (P)
    • Berlin :
    • b
    • Nazwa wydawcy (P)
    • Springer-Verl.,
    • c
    • Data wydania (P)
    • 2000.
300 -Strefa opisu fizycznego [ , ]
    • a
    • Określenie formy książki i/lub objętość (NP)
    • XIII,502 s. :
    • b
    • Oznaczenie ilustracji (NP)
    • il. :
    • c
    • Format (NP)
    • 24 cm.
500 -Uwaga ogólna [ , ]
    • a
    • Uwaga ogólna (NP)
    • Bibliogr.Ind
080 -Uniwersalna Klasyfikacja Dziesiętna [ , ]
    • a
    • Symbol klasyfikacji
    • 003.26/.295=30
980 -Symbol UKD [ , ]
    • a
    • UKD
    • 003.26/.295=30
920 -ISBN [ , ]
    • a
    • ISBN
    • 3-540-67931-6 Find
Data inwentaryzacji Lokalizacja Sygnatura Numer inwentarzowy Status udost.
2002-04-08BEFUNDACJA POLSKO-NIEMIECKAS.89441-2